000 01009cam a2200313 4500
001 3135841
003 OSt
005 20150622100715.0
008 730215s1968 enk b 001 0 eng
010 _a 72170736
020 _a0421100907
040 _aDLC
_cDLC
_dDLC
043 _af-nr---
050 0 0 _aKTA770
_b.H27 1968
082 0 0 _a346.054 HAR
_219
100 1 _aHarvey, Brian W.
_9492
245 1 4 _aThe law and practice of Nigerian wills, probate and succession,
_cby Brian W. Harvey; with a foreword by G. B. A. Coker.
260 _aLondon,
_bSweet & Maxwell,
_c1968.
300 _axxvii, 209 p.
_c23 cm.
350 _a£3.30
440 0 _aLaw in Africa ;
_vno. 26
_91551
504 _aIncludes bibliographical references.
650 0 _aWills
_zNigeria.
_91552
650 0 _aProbate law and practice
_zNigeria.
_91553
650 0 _aInheritance and succession
_zNigeria.
_91554
906 _a7
_bcbc
_corignew
_d3
_encip
_f19
_gy-gencatlg
942 _2ddc
_cBK
999 _c533
_d533